000 00316nam a22001457a 4500
008 210514b ||||| |||| 00| 0 eng d
020 _a2901591840533
041 _aeng
080 _a32
082 _a32
100 _a19
101 _aSHP
245 _aThe Smartest Guys in The Room
_cLean,B,M
942 _2udc
_cBK
999 _c57331
_d57331